Words Starting With B - Statistics

General Stats
  • This quiz has been taken 70 times
  • The average score is 65 of 100
Answer Stats
Hint Answer % Correct
insect that stings Bee
100%
women wear it under a shirt Bra
98%
no hair Bald
96%
circular object used for fun Ball
96%
yellow fruit Banana
96%
a flying mammal Bat
96%
alcoholic liquid Beer
94%
construct Build
94%
to carry Picnic food Basket
93%
fearless Brave
93%
horned cow Bull
93%
a mammal that makes dams Beaver
91%
a color Blue
91%
organs to think Brain
91%
very very young child Baby
89%
floats with helium Balloon
89%
an empty page Blank
89%
South American country Brazil
89%
panda food Bamboo
87%
where a bunch a people play music Band
87%
a dollar ___ Bill
87%
ocean vehicle Boat
87%
how to cook pasta Boil
87%
where cake is made Bakery
85%
a vegetable that makes you fart Bean
85%
wear it around your pants Belt
85%
a flying creature Bird
85%
a pig Boar
85%
sounds a bee make Buzz
85%
evil Bad
83%
a ball sport Baseball
83%
mouth on bird Beak
83%
furry carnivorous mammal Bear
83%
used to sleep Bed
83%
cooked cows Beef
83%
ring ring ring Bell
83%
anniversary of birth Birthday
83%
a color Black
83%
reading tool Book
83%
used to comb hair Brush
83%
a ball game BasketBall
81%
keeps you warm at night Blanket
81%
a type of organism that causes diseases Bacteria
78%
most hated vegetable Broccolli
78%
hole in the middle of tummy Belly Button
74%
a city in Massacheusetts Boston
74%
a tie Bow
74%
a grain food eaten with jam Bread
72%
a type of monkey Baboon
70%
powers a Phone Battery
70%
European country Belgium
70%
two wheeled vehicle used to exercise Bike
69%
rabbit Bunny
69%
clean in it Bath
67%
used to see far Binoculars
67%
vehicle used to destroy structures Bulldozer
67%
fried pig Bacon
65%
acting good Behave
65%
sit in the park Bench
65%
similar to plate Bowl
63%
dairy Butter
63%
American mascot Bald Eagle
59%
black insect Beetle
59%
an insect Bug
59%
a place people go to swim Beach
57%
Monopoly, Scrabble, Sorry Board Games
56%
a cute flying insect Butterfly
56%
cookies Biscuits
54%
used to heal boo boos Band Aid
52%
when you move you put stuff in a Box
52%
a carrying supply Bucket
52%
on shirts Button
52%
adorable Beautiful
48%
to cross the river Bridge
48%
a type of fish Bass
44%
destroy Break
44%
a mammal related to skunks Badger
43%
donut Bagel
41%
wireless connect Bluetooth
41%
a frog Bullfrog
41%
old people game Bingo
37%
transfer fruits into liquid Blender
35%
company Business
35%
gymnastics have Balance
33%
house for flying animals Birdhouse
33%
guitar Banjo
31%
sharp knife Blade
31%
fire can Burn
31%
on old pirate ships they carried liquid Barrel
30%
kids play with it to learn the alphabet Block
28%
put water in it Bottle
26%
dark brown sweets Brownies
26%
made from soap Bubbles
26%
a bunch of leaves Bush
24%
white Bleach
22%
kills insect Bug Spray
20%
you can ____ anything Become
19%
cleaning supplies Broom
19%
European island Britian
9%
a cereal Barley
7%
No matching quizzes found
Score Distribution
Percent of People with Each Score
Percentile by Number Answered
Your Score History
You have not taken this quiz